Разработка фторидной технологии получения пигментного диоксида титана из ильменита: автореферат диссертации на соискание ученой степени кандидата технических наук

Dettagli Bibliografici
Autore principale: Андреев А. А. Артем Андреевич
Ente Autore: Томский политехнический университет (ТПУ)
Altri autori: Дьяченко А. Н. Александр Николаевич (научный руководитель)
Riassunto:Заглавие с титульного экрана
Электронная версия печатной публикации
Lingua:russo
Pubblicazione: Томск, [Б. и.], 2007
Soggetti:
Accesso online:http://www.lib.tpu.ru/fulltext/a/2008/2.pdf
Natura: Elettronico Libro
KOHA link:https://koha.lib.tpu.ru/cgi-bin/koha/opac-detail.pl?biblionumber=132963

MARC

LEADER 00000nlm0a2200000 4500
001 132963
005 20240723102152.0
035 |a (RuTPU)RU\TPU\book\143977 
090 |a 132963 
100 |a 20080311d2007 k y0rusy50 ca 
101 0 |a rus 
102 |a RU 
105 |a a dm 001zy 
135 |a drbn ---uucaa 
181 0 |a i  
182 0 |a b 
200 1 |a Разработка фторидной технологии получения пигментного диоксида титана из ильменита  |e автореферат диссертации на соискание ученой степени кандидата технических наук  |f А. А. Андреев  |g Томский политехнический университет (ТПУ) ; науч. рук. А. Н. Дьяченко 
203 |a Текст  |c электронный 
210 |a Томск  |c [Б. и.]  |d 2007 
215 |a 1 файл (755 Kb) 
300 |a Заглавие с титульного экрана 
300 |a Электронная версия печатной публикации 
337 |a Adobe Reader 
452 1 |0 (RuTPU)RU\TPU\book\142479  |t Разработка фторидной технологии получения пигментного диоксида титана из ильменита  |o автореферат диссертации на соискание ученой степени кандидата технических наук  |o спец. 05.17.02  |f А. А. Андреев  |g Томский политехнический университет (ТПУ) ; науч. рук. А. Н. Дьяченко  |c Томск  |n Б.и.  |d 2007  |p 22 с.  |a Андреев, Артем Андреевич 
610 1 |a химическая технология 
610 1 |a диоксид титана 
610 1 |a получение 
610 1 |a фториды титана 
610 1 |a оксиды титана 
610 1 |a свойства 
610 1 |a ильменит 
610 1 |a фтораммонийная технология 
610 1 |a физико-химические основы 
610 1 |a термодинамический расчет 
610 1 |a фтораммонийное разложение 
610 1 |a исследование 
610 1 |a авторефераты диссертаций 
610 1 |a труды учёных ТПУ 
610 1 |a электронный ресурс 
675 |a 661.88(04)  |v 3 
686 |a 05.17.02  |2 oksvnk 
700 1 |a Андреев  |b А. А.  |c химик-технолог  |c доцент Томского политехнического университета, кандидат технических наук  |f 1983-  |g Артем Андреевич  |3 (RuTPU)RU\TPU\pers\29528  |9 14064 
702 1 |a Дьяченко  |b А. Н.  |c химик-технолог  |c профессор Томского политехнического университета, доктор технических наук  |f 1977-  |g Александр Николаевич  |3 (RuTPU)RU\TPU\pers\27691  |4 727 
712 0 2 |a Томский политехнический университет (ТПУ)  |3 (RuTPU)RU\TPU\col\376 
801 1 |a RU  |b 63413507  |c 20080311  |g PSBO 
801 2 |a RU  |b 63413507  |c 20150401  |g RCR 
856 4 |u http://www.lib.tpu.ru/fulltext/a/2008/2.pdf 
942 |c CF